Administrative law (Record no. 394525)
[ view plain ]
| 000 -LEADER | |
|---|---|
| fixed length control field | 00480 a2200193 4500 |
| 005 - DATE & TIME | |
| control field | 20260204151936.0 |
| 008 - FIXED-LENGTH DATA ELEMENTS--GENERAL INFORMATION | |
| fixed length control field | 260204b |||||||| |||| 00| 0 eng d |
| 020 ## - ISBN | |
| International Standard Book Number | 9789349281141 |
| Price | Rs. 2025.00 |
| 040 ## - CATALOGING SOURCE | |
| Original cataloging agency | VIVEKANANDA LIBRARY |
| 082 ## - DDC NUMBER | |
| Classification number | 342 |
| Book Number | T513A |
| 100 ## - MAIN ENTRY--PERSONAL NAME | |
| Personal name | Tirath Prakash |
| 245 ## - TITLE STATEMENT | |
| Title | Administrative law |
| 260 ## - PUBLICATION, DISTRIBUTION, ETC. (IMPRINT) | |
| Name of publisher, distributor, etc | Yking Books |
| Date of publication, distribution, etc | 2025 |
| Place of publication, distribution, etc | Jaipur |
| 300 ## - PHYSICAL DESCRIPTION | |
| Pages | vi, 264 |
| 650 ## - Subject | |
| Subject | Law |
| 650 ## - Subject | |
| Subject | Constitutional Law |
| 650 ## - Subject | |
| Subject | Administrative Adjudication |
| 942 ## - ADDED ENTRY ELEMENTS (KOHA) | |
| Koha item type | Books |
| Withdrawn status | Lost status | Source of classification or shelving scheme | Damaged status | Not for loan | Location (home branch) | Sublocation or collection (holding branch) | Shelving location | Date acquired | Koha issues (times borrowed) | Koha full call number | Accession No. | Koha date last seen | Koha item type |
|---|---|---|---|---|---|---|---|---|---|---|---|---|---|
| Dewey Decimal Classification | VIVEKANANDA LIBRARY | VIVEKANANDA LIBRARY | Vivekananda Library | 07/01/2026 | 342 T513A | 444052 | 07/01/2026 | Books | |||||
| Dewey Decimal Classification | VIVEKANANDA LIBRARY | VIVEKANANDA LIBRARY | Law Library | 02/02/2026 | 342 T513A | 377794 | 02/02/2026 | Books |
